| 000 | 00867nam a2200253 i 4500 | ||
|---|---|---|---|
| 001 | 187300 | ||
| 003 | ES-MaACL | ||
| 005 | 20230906222854.0 | ||
| 008 | 170530s1986 dk a |||| |dita d | ||
| 020 | _a87-11-07395-0 | ||
| 080 | _a811.131.1(076) | ||
| 100 | 1 |
_aSoldati, Mario. _9140284 |
|
| 245 | 1 | 0 |
_aCinque novelle / _cMario Soldati ; a cura di Zita Vaccaro ; illustrazioni, Niels Henrik Hansen. |
| 246 | 3 | _a5 novelle | |
| 250 | _aEd. semplificata ad uso scolastico e autodidattico. | ||
| 260 |
_aCopenaghen : _bGrafisk Forlag, _c1986. |
||
| 300 |
_a92 p. : _bil. ; _c19 cm. |
||
| 490 | 1 |
_aEasy readers. _aB |
|
| 594 | _aRecoge 5 relatos de "55 Novelle per l'inverno" | ||
| 650 | 4 |
_aLengua italiana- _vLecturas. _9162920 |
|
| 830 | 0 |
_aEasy readers. _aB _9225543 |
|
| 852 |
_aES-MaACL _jL-31649 _z. - Donat. Carmen Zumárraga |
||
| 999 |
_c187300 _d187300 |
||